LDR 00760naa#a2200205#i#450# 001 EN\\bibl\123448 005 20260705210051.7 011 ## _a1994-4683 100 ## _a20230731b2023####ek#y0engy0150####ca 102 ## _aRU 200 1# _aVOLITIONAL REGULATION OF THE IMPLEMENTATION OF THE INTENTION OF ATHLETES STUDYING IN A SPORTS EDUCATION UNIVERSITY _eJournal article 210 1# _aMoscow _cNational State University of Physical Education, Sports and Health named after P.F. Lesgaft _d2023 215 ## _a5 с. 608 ## _aJournal article _2local 675 ## _aПсихологические исследования. 159.9.07 _z 700 #1 _aMAKEEVA _gVERA Stepanovna 700 #1 _aLapshin _gN A 700 #1 _aNikonov _gD N 700 #1 _aYu _gJun 856 4# _auchzapiski.lesgaft.spb.ru _u